| 000 | 00692nam a22002057a 4500 | ||
|---|---|---|---|
| 005 | 20170213161315.0 | ||
| 010 | _aENG-117232 | ||
| 020 |
_a9789386062345 _c1095.00 |
||
| 035 | _aEN-100764 | ||
| 037 | _bDBAD/PUB | ||
| 082 | 0 | 0 | _a371.9046 |
| 100 | 1 | _aKarten,Toby J. | |
| 245 | 1 | 0 |
_aInclusion strategies that work ! : _cby Tobey J. Karten _breaschers-based methods for the Classroom / |
| 250 | _a3rd ed. | ||
| 260 |
_a New Delhi _bSAGE Publications, _c2017 |
||
| 270 |
_aB1/I-1 Mohan Cooperative Industrial Area, Mathura Road _b New Delhi _e110044 |
||
| 300 |
_axix,426p. _c28 cm.(pbk) |
||
| 504 | _aIncludes references and index. | ||
| 942 |
_2ddc _cEN _h371.9046 _mKAR |
||
| 999 |
_c137565 _d137565 |
||